00734 2200277 4500001002100000005001700021008004100038020001800079035002500097082001300122090002000135100002100155245004900176250001100225260003200236300003500268500003100303650001700334850001200351990001500363990001600378990001600394990001500410990001600425990001500441YOGYA-0209000000460620150528094043.0 ind  a979-518-637-X a0010-020900000004606 a001.4225 a001.4425bJun P aJUNADI, Purnawan aPengantar analisa datacoleh Purnawan Junadi aCet. 1 aJakartabRineka Ciptac1995 ax, 139 hlm. :bilus. ;c21 cm. aBibliografi : hlm. 135-139 aAnalisa data aYOPDYOG a94148-P/97 a632-PN/P.01 a631-PN/P.01 a94149-P/97 a632-PN/P.01 a94148-P/97